| 000 | 00572nam a2200193Ia 4500 | ||
|---|---|---|---|
| 003 | IN-BaIIA | ||
| 008 | 211028s9999 xx 000 0 eng d | ||
| 020 | _a2-86332-047-5 | ||
| 040 | _cIIA Library | ||
| 080 |
_a524.352(063) _bTHE |
||
| 245 | 4 |
_aThe standard model _bthe supernova 1987A; vol. 1 _cedited by J. Tran Thanh Van |
|
| 260 |
_aFrance _bEditions Frontiers _c1987 |
||
| 300 | _axi, 796p. | ||
| 650 | _aAstronomy and astrophysics thesaurus | ||
| 650 |
_aSN1987A _915784 |
||
| 650 |
_aSupernovae _91357 |
||
| 700 |
_aTran Thanh Van, J., ed. _915785 |
||
| 942 | _cBK | ||
| 999 |
_c9376 _d9376 |
||